|
|
|
|
| LEADER |
03152nam a2200601 4500 |
| 001 |
978-3-540-38967-5 |
| 003 |
DE-He213 |
| 005 |
20191025091448.0 |
| 007 |
cr nn 008mamaa |
| 008 |
130806s1998 gw | s |||| 0|eng d |
| 020 |
|
|
|a 9783540389675
|9 978-3-540-38967-5
|
| 024 |
7 |
|
|a 10.1007/978-3-540-38967-5
|2 doi
|
| 040 |
|
|
|d GrThAP
|
| 050 |
|
4 |
|a QC450-467
|
| 050 |
|
4 |
|a QC718.5.S6
|
| 072 |
|
7 |
|a PNFS
|2 bicssc
|
| 072 |
|
7 |
|a SCI078000
|2 bisacsh
|
| 072 |
|
7 |
|a PNFS
|2 thema
|
| 072 |
|
7 |
|a PDN
|2 thema
|
| 082 |
0 |
4 |
|a 621.36
|2 23
|
| 100 |
1 |
|
|a Reimer, Ludwig.
|e author.
|4 aut
|4 http://id.loc.gov/vocabulary/relators/aut
|
| 245 |
1 |
0 |
|a Scanning Electron Microscopy
|h [electronic resource] :
|b Physics of Image Formation and Microanalysis /
|c by Ludwig Reimer.
|
| 250 |
|
|
|a 2nd ed. 1998.
|
| 264 |
|
1 |
|a Berlin, Heidelberg :
|b Springer Berlin Heidelberg :
|b Imprint: Springer,
|c 1998.
|
| 300 |
|
|
|a XIV, 529 p.
|b online resource.
|
| 336 |
|
|
|a text
|b txt
|2 rdacontent
|
| 337 |
|
|
|a computer
|b c
|2 rdamedia
|
| 338 |
|
|
|a online resource
|b cr
|2 rdacarrier
|
| 347 |
|
|
|a text file
|b PDF
|2 rda
|
| 490 |
1 |
|
|a Springer Series in Optical Sciences,
|x 0342-4111 ;
|v 45
|
| 505 |
0 |
|
|a Electron Optics of a Scanning Electron Microscope -- Electron Scattering and Diffusion -- Emission of Backscattered and Secondary Electrons -- Electron Detectors and Spectrometers -- Image Contrast and Signal Processing -- Electron-Beam-Induced Current and Cathodoluminescence -- Special Techniques in SEM -- Crystal Structure Analysis by Diffraction -- Elemental Analysis and Imaging with X-Rays.
|
| 520 |
|
|
|a Scanning Electron Microscopy provides a description of the physics of electron-probe formation and of electron-specimen interations. The different imaging and analytical modes using secondary and backscattered electrons, electron-beam-induced currents, X-ray and Auger electrons, electron channelling effects, and cathodoluminescence are discussed to evaluate specific contrasts and to obtain quantitative information.
|
| 650 |
|
0 |
|a Spectroscopy.
|
| 650 |
|
0 |
|a Microscopy.
|
| 650 |
|
0 |
|a Solid state physics.
|
| 650 |
|
0 |
|a Surfaces (Physics).
|
| 650 |
|
0 |
|a Interfaces (Physical sciences).
|
| 650 |
|
0 |
|a Thin films.
|
| 650 |
|
0 |
|a Physics.
|
| 650 |
1 |
4 |
|a Spectroscopy and Microscopy.
|0 http://scigraph.springernature.com/things/product-market-codes/P31090
|
| 650 |
2 |
4 |
|a Solid State Physics.
|0 http://scigraph.springernature.com/things/product-market-codes/P25013
|
| 650 |
2 |
4 |
|a Surface and Interface Science, Thin Films.
|0 http://scigraph.springernature.com/things/product-market-codes/P25160
|
| 650 |
2 |
4 |
|a Physics, general.
|0 http://scigraph.springernature.com/things/product-market-codes/P00002
|
| 710 |
2 |
|
|a SpringerLink (Online service)
|
| 773 |
0 |
|
|t Springer eBooks
|
| 776 |
0 |
8 |
|i Printed edition:
|z 9783642083723
|
| 776 |
0 |
8 |
|i Printed edition:
|z 9783540639763
|
| 776 |
0 |
8 |
|i Printed edition:
|z 9783662141724
|
| 830 |
|
0 |
|a Springer Series in Optical Sciences,
|x 0342-4111 ;
|v 45
|
| 856 |
4 |
0 |
|u https://doi.org/10.1007/978-3-540-38967-5
|z Full Text via HEAL-Link
|
| 912 |
|
|
|a ZDB-2-PHA
|
| 912 |
|
|
|a ZDB-2-BAE
|
| 950 |
|
|
|a Physics and Astronomy (Springer-11651)
|